Les surnoms des personnages historiques - Statistiques

Statistiques générales
  • Ce quiz a été pris 669 fois
    660 depuis la dernière actualisation
  • Le résultat moyen est 8 sur 25
Statistiques - réponses
Surnom Prénom et Nom % Correct
La pucelle d'Orléans Jeanne d'Arc
89%
Le roi soleil Louis XIV
89%
Mahatma Gandhi
64%
La dame de fer Margaret Thatcher
58%
Le grand timonier Mao
49%
L'empereur à la barbe fleurie Charlemagne
48%
Le tigre Georges Clemenceau
47%
Le fléau de Dieu Attila
44%
Le petit caporal Napoléon Bonaparte
37%
Scarface Al Capone
35%
Le chevalier sans peur et sans reproche Bayard
34%
Vert Galant Henri IV
31%
L'incorruptible Robespierre
26%
Le renard du desert Erwin Rommel
23%
Tonton François Mitterrand
23%
Le vieux lion Winston Churchill
19%
Le moine fou Raspoutine
15%
Il Cavaliere Silvio Berlusconi
15%
Mutti Angela Merkel
12%
La reine sanglante Marie Tudor
12%
La vierge rouge Louise Michel
11%
L'ami du peuple Jean Paul Marat
10%
Le brave des braves Michel Ney
8%
Baby Doc Jean Claude Duvalier
6%
Le génie des Carpates Nicolae Ceausescu
4%
Aucun quiz correspondant
Distribution des résultats
% des personnes avec chaque résultat
Percentile par nombre de réponses
Votre historique - résultats
Vous n’avez pas pris ce quiz depuis la dernière actualisation